02969nam a2200565 a 450000500170000000800410001702000180005804100080007609200200008410000270010424502050013125000110033626000490034730000220039650002730041865300600069165300270075165300480077865300260082665300400085265300330089265300320092565300640095765300550102165300360107665300480111265300320116065300540119265300260124665300640127265300600133665301180139665300650151465300390157965300720161865300220169065300520171265300900176465300590185465300380191365300510195165300260200265301030202865300370213170000260216870000260219494200120222099900150223295201560224720241002150138.0141219t2013||||sp f |||| 001 0 spa d a9789875913950 aspa c616.01l80sSOL1 aSoloaga, Rolando93694 4aLos errores más frecuentes en el laboratorio de microbiología clínica.bManual para detectar, comprender y minimizar los errores en el diagnóstico microbiológico clínico /cRolando Soloaga a1a ed. aCórdoba [Arg.]: bEditorial Brujas;c2013. a198 p.c24x16 cm. aSoloaga, R., Abiega, C. y Vilaró, M. (2013). Los errores más frecuentes en el laboratorio de microbiología clínica. Manual para detectar, comprender y minimizar los errores en el diagnóstico microbiológico clínico. (1a ed.). Córdoba : Brujas Editorial. 3aEl error en el laboratorio de microbiología clínica aDefinición del error aClasificación de los erros de laboratorio aDetección del error 3aEl error en la etapa preanalítica aDocumentación del paciente aRecolección de la muestra aIdentificación, transporte y conservación de la muestra aMuestras no aptas para el estudio microbiológico aErrores en la etapa analítica aRecepción de la muestra en el laboratorio aPreparación de la muestra 3aEl examen directo, como observar una coloración aSiembra de la muestra aErrores en el método y/o medio de cultivo para la siembra aErrores más comunes en la identificación microbiana aErrores más comunes en la realización e interpretación de las pruebas de sensibilidad a los antimicrobianos aErrores más comunes en la interpretación de los cultivos aErrores en la etapa posanalítica aGeneralidades sobre los informes del laboratorio de microbiología 3aEl informe verbal 3aEl impacto clínico del informe de laboratorio 3aEl uso del informe para la elaboración de estadísticas y su aporte a la clínica aPolítica del laboratorio en la emisión de informes 3aLa comunicación con el médico aClaves para minimizar el error del laboratorio 3aEl control de calidad 4aLos sistemas de gestión de la calidad de laboratorio como una herramienta para minimizar errores aVigilancia y medidas correctivas1 aAbiega, Claudio936951 aVilaró, Mario93696 2ddccBK c2129d2129 00102ddc40708REFaBFMbBFMcREFd2014-12-19l1m6o616.01 80 SOLp3428q2029-03-01r2014-12-22s2014-12-22tEj.1w2014-12-19yREFzLIBRO DE CATEDRA